000 00290nam a2200109Ia 4500
001 1264781
005 20260417141952.0
008 260417s9999 xx 000 0 und d
020 _a9786253692391
245 0 _aEdebiyat Yazıları 2
_cAbdülhak Şinasi Hisar
260 _bEverest Yayınları
999 _c1264781
_d1264781